Normal view
MARC view
- Yan, Kun
Entry Personal Name
001 - CONTROL NUMBER
- control field: 14236
003 - CONTROL NUMBER IDENTIFIER
- control field: NUST
005 - DATE AND TIME OF LATEST TRANSACTION
- control field: 20190427095657.0
008 - FIXED-LENGTH DATA ELEMENTS
- fixed length control field: 190427|| aca||aabn | a|a d
040 ## - CATALOGING SOURCE
- Original cataloging agency: NUST
- Transcribing agency: NUST
100 ## - HEADING--PERSONAL NAME
- Personal name: Yan, Kun
670 ## - SOURCE DATA FOUND
- Source citation: Work cat.: (NUST): Yan, Kun, Poverty Alleviation in China /, 2016.
